Caracterización de residuos hospitalarios

Guardado en:
Bibliografiske detaljer
Hovedforfatter: Blanco Meza, Arlethe Marcela
Andre forfattere: Bonilla Jiménez, Sergio Daniel
Format: Bog
Udgivet: San José, C.R. 1997
Fag:
Tags: Tilføj Tag
Ingen Tags, Vær først til at tagge denne postø!

MARC

LEADER 00000nam a2200000Ia 4500
003 008196
005 20221231144231.0
008 140114s1997 cr a m 000 ||s d
040 |c cru CEDI 
090 |a TFG 3662 
100 |a Blanco Meza, Arlethe Marcela  |9 9493 
245 |a Caracterización de residuos hospitalarios 
260 |c 1997  |a  San José, C.R. 
300 |a  iv, 116 hojas : ilustraciones  
500 |a Proyecto de graduación (licenciatura en ingeniería civil)--Universidad de Costa Rica. Universidad de Costa Rica. Facultad de Ingeniería. Escuela de Ingeniería Civil 
650 |x RESIDUOS DE HOSPITALES  |9 9498 
700 |9 9497  |a Bonilla Jiménez, Sergio Daniel 
942 |c TFG 
999 |c 18840  |d 18840